000 01554nam a22003017a 4500
005 20080918163843.0
008 080918t xxu||||| |||| 00| 0 hin d
010 _aHIN-92639
020 _a818910293x
_c700.00
035 _aHN-64985
037 _bDBAD / PUB
040 _aDPL
_bHN
082 _a920
100 _9747
_aगुप्ता, राहुल
245 _aमहान शिक्षाशास्त्री /
_cराहुल गुप्ता
260 _aदिल्ली
_bप्रेरणा प्रकाशन
_c2011
270 _aसी-13, प्लॉट नम्बर 2, डी-5, रोज़ अपार्टमेंट, सैक्टर-14 एक्सटेंशन, रोहिणी
_bदिल्ली
_e110085
_k(ऑफिस) 65749511 (निवास) 27562163
_l011- 23240261
_mlakshaythani@hotmail.com
300 _a272पृ.
_c22सेमी (सजिल्द)
650 _9697
650 _9698
700 _927881
700 _927882
700 _927883
942 _2ddc
_cHN
_mगुप्तारा
_h920
999 _c52253
_d52253